000 00359nam a2200145 i 4500
001 bg
100 1 _aPEYRET, ROGER
245 0 _aComputational methods for fluid flow /
_cR. Peyret, T.D. Taylor.
260 _aNew York,
_c1985.
700 1 _aTAYLOR, Thomas D.
040 _cBPK
041 _apol
942 _cKS
008 s pl f |000 0 pol
999 _c28401
_d28401
856 _uhttp://koha.tu.koszalin.pl/cgi-bin/koha/opac-detail.pl?biblionumber=28401
_yKatalog online BPK